000 00934cab a2200289 4500
001 ABS56892
008 090401t1997 xxu||||| |||| 00| 0 eng d
035 _a(Sirsi) u77888
041 _aeng
245 _aBusiness briefing: diversification - a door to the future
260 _c1997
350 _a0
490 _aProperty Week
_v59(1) 4 April 1997, 20-23(4)
520 _aLooks at surveying firms which have diversified into new markets such as facilities management, financial services and direct property investment. Case studies.
650 _aCHESTERTON
650 _aCONRAD RITBLAT
650 _aDIVERSIFICATION
650 _aFACILITIES MANAGEMENT
_96240
650 _aFINANCIAL SERVICES
650 _aNEW MARKETS
650 _aPROPERTY INVESTMENT
650 _aSAVILLS
650 _aSURVEYING FIRMS
690 _aMANAGEMENT-BUSINESS MANAGEMENT-PROFESSIONAL PRACTICE
942 _n0
948 _c23/04/1997
999 _c48974
_d48974